| 000 | 00671nam a2200205Ia 4500 | ||
|---|---|---|---|
| 001 | 5269 | ||
| 003 | GE_BSU | ||
| 008 | 181216s||||||||xx |||||||||||||| ||und|| | ||
| 040 | _cGE_BSU | ||
| 080 | _a514.18 | ||
| 100 | _aВиноградов, В.Н. Ройтман, И.А; | ||
| 245 | _aЭлементы начертательной геометрии | ||
| 245 | _b(для факультативных занятий) Пособие для учащихся | ||
| 260 | _aМосква | ||
| 260 | _bПросвещение. | ||
| 260 | _c1972 | ||
| 300 | _a159стр.22см. | ||
| 653 | _aЭлементы начертательной геометрии | ||
| 942 | _cBK | ||
| 999 |
_c38858 _d38858 |
||